Trên sông Hương /

Tallennettuna:
Bibliografiset tiedot
Päätekijä: Phạm Quỳnh.
Muut tekijät: Nguyễn Xuân Khánh (Dịch.)
Aineistotyyppi: Artikkeli
Kieli:Vietnamese
Aiheet:
Tagit: Lisää tagi
Ei tageja, Lisää ensimmäinen tagi!
Thư viện lưu trữ: Thư viện Trường Đại học Đà Lạt
LEADER 00805nam a2200289 4500
001 DLU110114937
005 ##20110105
040 # # |a DLU  |b vie 
041 # # |a vie 
044 # # |a vn 
100 # # |a Phạm Quỳnh. 
245 # # |a Trên sông Hương /  |c Phạm Quỳnh, Nguyễn Xuân Khánh dịch. 
653 # # |a Cảm hứng văn học 
653 # # |a Cảm xúc 
653 # # |a Nghi lễ dân tộc 
653 # # |a Phong cảnh 
700 # # |a Nguyễn Xuân Khánh,   |e Dịch. 
773 # # |t Thơ  |g Số 5, 2008, tr. 111-115 
920 # # |a Phòng Tạp chí -- Trung tâm Thông tin - Thư viện Trường Đại học Đà Lạt 
994 # # |a DLU 
900 # # |a True 
911 # # |a Nguyễn Thị Linh Chi 
925 # # |a G 
926 # # |a A 
927 # # |a BB 
980 # # |a Thư viện Trường Đại học Đà Lạt